La novela chilena del último siglo

-д хадгалсан:
Номзүйн дэлгэрэнгүй
Үндсэн зохиолч: Promis Ojeda, José (autor)
Формат: Ном
Хэл сонгох:испани
Хэвлэсэн: Santiago La Noria 1993
Нөхцлүүд:
Шошгууд: Шошго нэмэх
Шошго байхгүй, Энэхүү баримтыг шошголох эхний хүн болох!

MARC

LEADER 00000nam a2200000 a 4500
001 UCX6693
003 CL-VaPUC
008 930805e19930000CL |||||||||||||||||spa|d
082 0 4 |a Ch863.09  |b PRO  |2 21 
100 |a Promis Ojeda, José  |e autor  |9 477475 
245 1 3 |a La novela chilena del último siglo 
300 |a 273 p 
942 |c BK 
945 |d 19930805 00:00:00 
260 |a Santiago  |b La Noria  |c 1993 
650 0 |a Novela chilena   |9 307631 
650 0 |a Historia y crítica, siglo 20  |9 269384 
583 |a last modification  |c 19930805 00:00:00  |k Rodrigo Vera 
999 |c 226675  |d 226673 
952 |0 0  |1 0  |4 0  |6 CH_863_090000000000000_PRO_1993  |7 0  |8 A  |9 225207  |a BIBEDU  |b BIBEDU  |d 2019-11-15  |i 2939150  |o Ch863.09 PRO 1993  |p 2939150  |r 2019-11-15  |w 2019-11-15  |y BK  |k LIT